000 00550 a2200145 4500
005 20250602121724.0
020 _a0-7517-1962-5
082 _aLECT 657.48 CIM
111 _aCIMA
245 _aManagerial Paper P2: Management accounting-decision management: for exams in 2005
260 _aLondon,
_bBPP Professional education,
_c2005.
300 _aiii, 171p.: ill.; chart, graph, figure, table.
_c15cm,
856 _yAccess online book
_fManagerial Paper P2: Management accounting-decision management: for exams in 2005
_dwww.bpp.com
942 _2ddc
_cBKS
999 _c3011
_d3011